El libro del Minotauro

Salvato in:
Dettagli Bibliografici
Autore principale: Mora, Johnny
Natura: Libro
Lingua:Undetermined
Pubblicazione: San José, Costa Rica Editorial Costa Rica 1992
Soggetti:
Tags: Aggiungi Tag
Nessun Tag, puoi essere il primo ad aggiungerne!!

MARC

LEADER 00000nam a2200000Ia 4500
008 170316s9999 xx 000 0 und d
040 |a cru BVZT 
090 |a 868 M-14.1L 
100 |a Mora, Johnny 
245 |a El libro del Minotauro 
260 |a San José, Costa Rica 
260 |b Editorial Costa Rica 
260 |c 1992 
300 |a 62 páginas 
650 |a LITERATURA COSTARRICENSE 
650 |a POESÍA 
999 |c 11293  |d 11293 
942 |c 15 D  |h 868 M-14.1L  |2 z